000 00312nam a2200133Ia 4500
100 _aHayt/William H/ Kemmerly/ J.E.
942 _cBK
654 _acircuit
245 _aEngineering Circuit Analysis
260 _bMc Graw Hill
_aSingapore
_c1993
082 _a621.38153
_bPAN
300 _a706
546 _aENGLISH
999 _c24565
_d24565